[Event "OP-2013-0-02777"]
[Site "LSS email"]
[Date "2013.05.20"]
[Round "?"]
[White "Nagy Gode, Peter"]
[Black "Korinek, Jaroslav"]
[Result "0-1"]
[WhiteElo "1209"]
[BlackElo "1737"]
[PlyCount "58"]
[EventDate "2013.05.09"]
[EventType "tourn (corr)"]
[EventRounds "4"]
[EventCountry "GER"]
[SourceTitle "Telechess CBM 161"]
[Source "ChessBase"]
[SourceDate "2014.07.16"]
[SourceVersion "1"]
[SourceVersionDate "2014.07.16"]
[SourceQuality "1"]

1. e4 e5 2. Nf3 Nc6 3. d4 exd4 4. Nxd4 Nf6 5. Nc3 Bb4 6. Nxc6 bxc6 7. Bd3 0-0 8. 0-0 Re8 9. Re1 d6 10. Bd2 Ng4 11. h3 Ne5 12. Qe2 Rb8 13. a3 Bc5 14. Na4 Bd4 15. c3 Nxd3 16. Qxd3 Be5 17. f4 Bf6 18. Be3 c5 19. e5 Bh4 20. Re2 Qd7 21. Nxc5 dxc5 22. Qc2 Qc6 23. Rf1 Be6 24. c4 g6 25. Kh2 Bf5 26. Qc3 Red8 27. Bf2 Bxf2 28. Rfxf2 Rd3 29. Qc1 Rbb3 0-1

[Event "RE-2013-0-00112"]
[Site "LSS email"]
[Date "2013.05.16"]
[Round "?"]
[White "Henke, Simon"]
[Black "Nagy Gode, Peter"]
[Result "1-0"]
[WhiteElo "1405"]
[BlackElo "1209"]
[PlyCount "80"]
[EventDate "2013.02.26"]
[EventType "tourn (corr)"]
[EventRounds "6"]
[EventCountry "GER"]
[SourceTitle "Telechess CBM 161"]
[Source "ChessBase"]
[SourceDate "2014.07.16"]
[SourceVersion "1"]
[SourceVersionDate "2014.07.16"]
[SourceQuality "1"]

1. f4 d5 2. Nf3 g6 3. g3 Bg7 4. Bg2 Nf6 5. d3 0-0 6. 0-0 c5 7. c3 Nc6 8. Qe1 Rb8 9. a4 d4 10. Na3 b6 11. Nc4 Bb7 12. cxd4 Nxd4 13. Nxd4 cxd4 14. Bxb7 Rxb7 15. f5 Nd5 16. fxg6 hxg6 17. Qf2 Qd7 18. Bd2 Rc7 19. Bf4 Nxf4 20. Qxf4 Rxc4 21. dxc4 e5 22. Qf3 f5 23. Qd5+ Qxd5 24. cxd5 Rd8 25. Rfc1 Rxd5 26. Rc7 e4 27. Rxa7 d3 28. exd3 exd3 29. Rc7 Bxb2 30. Rd1 Rd6 31. Kf2 Bd4+ 32. Ke1 Bf6 33. Kd2 Bg5+ 34. Kc3 Bf6+ 35. Kc4 d2 36. Kb5 Bg5 37. Rc6 Rxc6 38. Kxc6 Be3 39. Kd5 Kf7 40. Kc4 Ke6 1-0

[Event "OP-2013-0-02777"]
[Site "LSS email"]
[Date "2013.05.12"]
[Round "?"]
[White "Gavranovic, Karlo"]
[Black "Nagy Gode, Peter"]
[Result "0-1"]
[WhiteElo "2101"]
[BlackElo "1209"]
[PlyCount "80"]
[EventDate "2013.05.09"]
[EventType "tourn (corr)"]
[EventRounds "4"]
[EventCountry "GER"]
[SourceTitle "Telechess CBM 161"]
[Source "ChessBase"]
[SourceDate "2014.07.16"]
[SourceVersion "1"]
[SourceVersionDate "2014.07.16"]
[SourceQuality "1"]

1. e4 c6 2. d4 d5 3. exd5 cxd5 4. Bd3 Nc6 5. c3 Nf6 6. Bf4 Bg4 7. Qb3 Na5 8. Qa4+ Bd7 9. Qc2 Bg4 10. Nd2 e6 11. Ngf3 a6 12. 0-0 Bd6 13. Bxd6 Qxd6 14. Ne5 0-0 15. Nxg4 Nxg4 16. Nf3 h6 17. h3 Nf6 18. Ne5 Rac8 19. Rac1 Nc6 20. f4 Nxd4 21. Qf2 Nc6 22. Rce1 Nd7 23. Nxd7 Qxd7 24. Bb1 f5 25. Re3 Rfe8 26. Rfe1 Rcd8 27. Qe2 d4 28. cxd4 Nxd4 29. Qf2 Re7 30. Rd3 Qa4 31. b3 Qb4 32. a3 Qb6 33. Kh1 Red7 34. b4 Qb5 35. Qb2 Kh8 36. Red1 e5 37. a4 Qd5 38. Ba2 Qe4 39. fxe5 Qxe5 40. Bb1 Rd5 0-1

[Event "ZL-2013-0-01291"]
[Site "LSS email"]
[Date "2013.05.05"]
[Round "?"]
[White "Lenz, Juergen"]
[Black "Nagy Gode, Peter"]
[Result "0-1"]
[WhiteElo "1083"]
[BlackElo "1209"]
[PlyCount "72"]
[EventDate "2013.04.27"]
[EventType "match (corr)"]
[EventRounds "2"]
[EventCountry "GER"]
[SourceTitle "Telechess CBM 161"]
[Source "ChessBase"]
[SourceDate "2014.07.16"]
[SourceVersion "1"]
[SourceVersionDate "2014.07.16"]
[SourceQuality "1"]

1. d4 Nf6 2. Nf3 d5 3. Bf4 Bf5 4. e3 c5 5. c3 Nc6 6. Bd3 Bxd3 7. Qxd3 c4 8. Qc2 e6 9. 0-0 b5 10. b3 Na5 11. Nbd2 Be7 12. a4 Nh5 13. axb5 Nxf4 14. exf4 cxb3 15. Nxb3 Nc4 16. Ne5 Na3 17. Qe2 Qb8 18. Nc5 Bxc5 19. dxc5 Nxb5 20. Rfb1 a6 21. Rxb5 axb5 22. Rxa8 Qxa8 23. Qxb5+ Kf8 24. g3 f6 25. Nd7+ Kf7 26. c6 Qa1+ 27. Kg2 Qxc3 28. Qb7 Kg6 29. g4 Qc4 30. Kg3 h5 31. Qb1+ Kf7 32. f3 hxg4 33. Kxg4 Rh4+ 34. Kxh4 Qxf4+ 35. Kh3 Qxf3+ 36. Kh4 g5# 0-1

[Event "ZL-2012-0-01240"]
[Site "LSS email"]
[Date "2012.12.13"]
[Round "?"]
[White "Nagy Gode, Peter"]
[Black "Lauer, Fredric"]
[Result "1-0"]
[WhiteElo "1257"]
[BlackElo "949"]
[PlyCount "44"]
[EventDate "2012.11.29"]
[EventType "match (corr)"]
[EventRounds "2"]
[EventCountry "GER"]
[SourceTitle "Telechess CBM 163"]
[Source "ChessBase"]
[SourceDate "2014.11.11"]
[SourceVersion "2"]
[SourceVersionDate "2014.11.11"]
[SourceQuality "1"]

1. e4 d5 2. exd5 Nf6 3. Bb5+ Nbd7 4. c4 a6 5. Ba4 b5 6. Bb3 Nc5 7. d4 Nxb3 8. axb3 Bb7 9. Nf3 g6 10. 0-0 Bg7 11. Re1 0-0 12. Nc3 bxc4 13. bxc4 Rc8 14. Ne5 Nd7 15. f4 Nb6 16. b3 Nd7 17. f5 Nxe5 18. dxe5 c6 19. Ba3 cxd5 20. Nxd5 Bxd5 21. cxd5 Qc7 22. f6 Rfe8 1-0

[Event "ZL-2012-0-01152"]
[Site "LSS email"]
[Date "2012.06.03"]
[Round "?"]
[White "Lauer, Fredric"]
[Black "Nagy Gode, Peter"]
[Result "0-1"]
[WhiteElo "1106"]
[BlackElo "1262"]
[PlyCount "36"]
[EventDate "2012.05.17"]
[EventType "match (corr)"]
[EventRounds "2"]
[EventCountry "GER"]
[SourceTitle "Telechess CBM 153"]
[Source "ChessBase"]
[SourceDate "2013.03.14"]
[SourceVersion "1"]
[SourceVersionDate "2013.03.14"]
[SourceQuality "1"]

1. e4 e5 2. Nf3 Nf6 3. Nc3 Nc6 4. Bb5 Bb4 5. 0-0 0-0 6. Re1 Nd4 7. Nxd4 exd4 8. Nd5 Nxd5 9. exd5 c5 10. dxc6 dxc6 11. Bc4 b5 12. Bb3 Be6 13. Bxe6 fxe6 14. Rxe6 d3 15. c3 Bc5 16. Rxc6 Bxf2+ 17. Kh1 Qe8 18. b3 Be1 0-1

[Event "ZL-2012-0-01152"]
[Site "LSS email"]
[Date "2012.06.03"]
[Round "?"]
[White "Nagy Gode, Peter"]
[Black "Lauer, Fredric"]
[Result "1/2-1/2"]
[WhiteElo "1262"]
[BlackElo "1106"]
[PlyCount "39"]
[EventDate "2012.05.17"]
[EventType "match (corr)"]
[EventRounds "2"]
[EventCountry "GER"]
[SourceTitle "Telechess CBM 155"]
[Source "ChessBase"]
[SourceDate "2013.07.16"]
[SourceVersion "1"]
[SourceVersionDate "2013.07.16"]
[SourceQuality "1"]

1. c4 b6 2. d4 e6 3. Nc3 Bb7 4. e3 f5 5. Nf3 Nf6 6. Be2 Bb4 7. Bd2 Bxc3 8. Bxc3 0-0 9. 0-0 Ne4 10. Qb3 Nxc3 11. bxc3 d6 12. c5 d5 13. c4 Qe7 14. a4 Nd7 15. a5 Bc6 16. axb6 axb6 17. cxb6 Nxb6 18. Qc3 Nxc4 19. Bxc4 dxc4 20. Ne5 1/2-1/2

[Event "ZL-2012-0-01084"]
[Site "LSS email"]
[Date "2012.02.01"]
[Round "?"]
[White "Nagy Gode, Peter"]
[Black "Martin, Helmut"]
[Result "1-0"]
[WhiteElo "1262"]
[BlackElo "1287"]
[PlyCount "116"]
[EventDate "2012.01.28"]
[EventType "match (corr)"]
[EventRounds "2"]
[EventCountry "GER"]
[SourceTitle "Telechess CBM 155"]
[Source "ChessBase"]
[SourceDate "2013.07.16"]
[SourceVersion "1"]
[SourceVersionDate "2013.07.16"]
[SourceQuality "1"]

1. e4 e5 2. d4 exd4 3. Nf3 Qe7 4. c3 Qxe4+ 5. Qe2 Qxe2+ 6. Bxe2 dxc3 7. Nxc3 Bb4 8. Bd2 Bxc3 9. Bxc3 f6 10. 0-0-0 d6 11. Rhe1 Ne7 12. Nd4 Bd7 13. Bh5+ g6 14. Bf3 a5 15. Nf5 Bxf5 16. Bxf6 Nbc6 17. Bxh8 Kf7 18. Bc3 Nb4 19. Bxb4 axb4 20. g4 Bd7 21. Rd4 Rxa2 22. Rf4+ Ke8 23. Re3 Ra5 24. Rxb4 Kd8 25. Rxb7 h5 26. gxh5 gxh5 27. Rc3 c5 28. b4 Ra1+ 29. Kb2 Rf1 30. bxc5 Rxf2+ 31. Ka3 dxc5 32. Rb8+ Kc7 33. Rb2 Rxb2 34. Kxb2 h4 35. Rxc5+ Kd6 36. Rc4 Nf5 37. Rb4 Kc5 38. Kc3 h3 39. Re4 Nd6 40. Re5+ Kb6 41. Kd4 Nf5+ 42. Ke4 Nh4 43. Bh5 Kc7 44. Rg5 Kd6 45. Bg4 Bc6+ 46. Kf4 Ng2+ 47. Kg3 Ne3 48. Rg6+ Kc5 49. Bxh3 Be4 50. Rg5+ Kd4 51. Kf4 Nd5+ 52. Kg4 Ke3 53. Kh4 Kf4 54. Bg2 Nf6 55. Bxe4 Kxe4 56. Ra5 Kf4 57. h3 Ng8 58. Kh5 Ne7 1-0

[Event "ZL-2011-0-00887"]
[Site "LSS email"]
[Date "2011.04.05"]
[Round "?"]
[White "Nagy Gode, Peter"]
[Black "Ducharme, Steven"]
[Result "1-0"]
[WhiteElo "1185"]
[BlackElo "905"]
[PlyCount "45"]
[EventDate "2011.03.24"]
[EventType "match (corr)"]
[EventRounds "2"]
[EventCountry "GER"]
[SourceTitle "Telechess CBM 145"]
[Source "Chessbase"]
[SourceDate "2011.11.11"]
[SourceVersion "1"]
[SourceVersionDate "2011.11.11"]
[SourceQuality "1"]

1. e4 d6 2. d4 g6 3. Nc3 Bg7 4. f4 h5 5. Nf3 Nd7 6. Bc4 Nb6 7. Bb3 e6 8. 0-0 Bd7 9. Be3 Ne7 10. Qe2 a6 11. Qd3 f6 12. e5 Nf5 13. Bf2 Qe7 14. Nh4 Rh6 15. exd6 cxd6 16. Nxf5 gxf5 17. d5 Nc8 18. dxe6 Bc6 19. Nd5 Bxd5 20. Bxd5 Rb8 21. Qxf5 b6 22. a4 Kf8 23. Bc6 1-0

[Event "ZL-2011-0-00846"]
[Site "LSS email"]
[Date "2011.01.21"]
[Round "?"]
[White "Lauer, Fredric"]
[Black "Nagy Gode, Peter"]
[Result "0-1"]
[WhiteElo "919"]
[BlackElo "1174"]
[PlyCount "46"]
[EventDate "2011.01.13"]
[EventType "match (corr)"]
[EventRounds "2"]
[EventCountry "GER"]
[SourceTitle "Telechess CBM 145"]
[Source "Chessbase"]
[SourceDate "2011.11.11"]
[SourceVersion "1"]
[SourceVersionDate "2011.11.11"]
[SourceQuality "1"]

1. e4 e5 2. Nf3 Nf6 3. Nc3 Nc6 4. d4 exd4 5. Nd5 Nxe4 6. Bf4 d6 7. Nxd4 Ne7 8. Nxe7 Bxe7 9. Qf3 Nf6 10. 0-0-0 Bg4 11. Qxb7 0-0 12. f3 Bd7 13. Nc6 Bxc6 14. Qxc6 Nd7 15. Bd3 Rb8 16. Rhe1 Bf6 17. Qe4 Bxb2+ 18. Kd2 Qh4 19. c3 Nf6 20. Qf5 g6 21. Qg5 Qxg5 22. Bxg5 Nd5 23. c4 Bc3+ 0-1

[Event "CP-2010-P-00046"]
[Site "LSS email"]
[Date "2010.10.05"]
[Round "?"]
[White "Nagy Gode, Peter"]
[Black "Rudenko, Vitaliy"]
[Result "0-1"]
[WhiteElo "1162"]
[BlackElo "2212"]
[PlyCount "53"]
[EventDate "2010.10.01"]
[EventType "tourn (corr)"]
[EventRounds "6"]
[EventCountry "GER"]
[SourceTitle "Telechess CBM 143"]
[Source "ChessBase"]
[SourceDate "2011.07.15"]
[SourceVersion "1"]
[SourceVersionDate "2011.07.15"]
[SourceQuality "1"]

1. e4 c5 2. Nf3 d6 3. d4 cxd4 4. Nxd4 Nf6 5. Nc3 a6 6. Bg5 e6 7. f4 Qb6 8. Nb3 Be7 9. Qf3 Nbd7 10. Be2 Qc7 11. 0-0-0 b5 12. Rd4 Bb7 13. Rhd1 Rc8 14. Kb1 h6 15. Bh4 Nxe4 16. Bxe7 Nxc3+ 17. Qxc3 Qxc3 18. bxc3 Kxe7 19. Rxd6 Nf6 20. g3 Nd5 21. R1xd5 Bxd5 22. Rxa6 Rxc3 23. Bxb5 Be4 24. Nd4 Rd8 25. Nc6+ Bxc6 26. Rxc6 Rxc6 27. Bxc6 0-1

[Event "LSS RF-2010-0-00057"]
[Site "LSS email"]
[Date "2010.09.23"]
[Round "?"]
[White "Stringa, Alejandro J"]
[Black "Nagy Gode, Peter"]
[Result "0-1"]
[WhiteElo "1041"]
[BlackElo "1164"]
[PlyCount "72"]
[EventDate "2010.07.28"]
[EventType "tourn (corr)"]
[EventRounds "6"]
[EventCountry "GER"]
[SourceTitle "Telechess CBM 143"]
[Source "ChessBase"]
[SourceDate "2011.07.15"]
[SourceVersion "1"]
[SourceVersionDate "2011.07.15"]
[SourceQuality "1"]

1. d4 Nf6 2. c4 g6 3. Nc3 d5 4. cxd5 Nxd5 5. Nxd5 Qxd5 6. Nf3 Bg7 7. e3 Nc6 8. Be2 0-0 9. 0-0 Bf5 10. b3 Rfd8 11. Bc4 Qd7 12. Qe2 Bg4 13. h3 Bxf3 14. Qxf3 e5 15. Rb1 exd4 16. exd4 Rab8 17. d5 Nd4 18. Qg3 b5 19. Bd3 Qxd5 20. Bf4 Ne6 21. Rbd1 Nxf4 22. Qxf4 Qd6 23. Qf3 Qf6 24. Qg3 c6 25. Be4 Rbc8 26. Qe3 Rxd1 27. Rxd1 Re8 28. f3 Qb2 29. Qxa7 Qe2 30. Qd7 Re6 31. Qd2 Qxd2 32. Rxd2 f5 33. Rd8+ Kf7 34. Bd3 Ke7 35. Rc8 Kd7 36. Rh8 Bxh8 0-1

[Event "LSS RF-2010-0-00057"]
[Site "LSS email"]
[Date "2010.09.21"]
[Round "?"]
[White "Zimmermann, Jan Erik"]
[Black "Nagy Gode, Peter"]
[Result "0-1"]
[WhiteElo "968"]
[BlackElo "1168"]
[PlyCount "54"]
[EventDate "2010.07.28"]
[EventType "tourn (corr)"]
[EventRounds "6"]
[EventCountry "GER"]
[SourceTitle "Telechess CBM 143"]
[Source "ChessBase"]
[SourceDate "2011.07.15"]
[SourceVersion "1"]
[SourceVersionDate "2011.07.15"]
[SourceQuality "1"]

1. e4 c6 2. d4 d5 3. Nd2 dxe4 4. Nxe4 Bf5 5. Ng3 Bg6 6. Nf3 Nd7 7. h4 h6 8. h5 Bh7 9. c4 e6 10. a3 Bd6 11. Ne2 Ngf6 12. Bf4 Nb6 13. Bxd6 Nxc4 14. Be5 Nxb2 15. Qb3 Nd3+ 16. Kd2 Qa5+ 17. Nc3 Nxe5 18. Nxe5 Ne4+ 19. Ke3 Nxc3 20. Qxb7 0-0 21. Bc4 c5 22. Nxf7 cxd4+ 23. Kxd4 Rad8+ 24. Nxd8 Rf4+ 25. Ke3 Qe5+ 26. Kd2 Rxf2+ 27. Kc1 Rc2# 0-1

[Event "ZL-2010-0-00771"]
[Site "LSS email"]
[Date "2010.08.30"]
[Round "?"]
[White "Erdem, Naci"]
[Black "Nagy Gode, Peter"]
[Result "1/2-1/2"]
[WhiteElo "1288"]
[BlackElo "1163"]
[PlyCount "54"]
[EventDate "2010.08.25"]
[EventType "match (corr)"]
[EventRounds "2"]
[EventCountry "GER"]
[SourceTitle "Telechess CBM 143"]
[Source "ChessBase"]
[SourceDate "2011.07.15"]
[SourceVersion "1"]
[SourceVersionDate "2011.07.15"]
[SourceQuality "1"]

1. e4 c5 2. Nf3 Nc6 3. d4 cxd4 4. Nxd4 g6 5. Nc3 Bg7 6. Be3 Nf6 7. Be2 0-0 8. 0-0 d5 9. Nxc6 bxc6 10. exd5 Nxd5 11. Nxd5 cxd5 12. c3 Rb8 13. Qd2 a5 14. a4 Qd6 15. Rfd1 Rd8 16. Rac1 Bf5 17. Bf1 Rb3 18. Bb5 Rc8 19. Bd4 e5 20. Be3 Qc7 21. Qe2 Be6 22. h3 f5 23. Qc2 d4 24. Bd2 e4 25. c4 Rd3 26. b3 Be5 27. Ba6 Rb8 1/2-1/2

[Event "ZL-2010-0-00762"]
[Site "LSS email"]
[Date "2010.08.21"]
[Round "?"]
[White "Nagy Gode, Peter"]
[Black "Sukhanitskij, Stanislav"]
[Result "0-1"]
[WhiteElo "1163"]
[BlackElo "1312"]
[PlyCount "74"]
[EventDate "2010.08.16"]
[EventType "match (corr)"]
[EventRounds "2"]
[EventCountry "GER"]
[SourceTitle "Telechess CBM 143"]
[Source "ChessBase"]
[SourceDate "2011.07.15"]
[SourceVersion "1"]
[SourceVersionDate "2011.07.15"]
[SourceQuality "1"]

1. e4 Nc6 2. Nf3 e5 3. Bb5 a6 4. Ba4 Nf6 5. 0-0 b5 6. Bb3 Bb7 7. d3 Bc5 8. Nc3 d6 9. a4 Na5 10. Ba2 b4 11. Nd5 Nxd5 12. Bxd5 Bxd5 13. exd5 0-0 14. Be3 Bxe3 15. fxe3 c6 16. dxc6 Nxc6 17. c4 bxc3 18. bxc3 d5 19. Rb1 Qd6 20. Qe2 Rac8 21. e4 h6 22. d4 exd4 23. cxd4 dxe4 24. Qxe4 Rfe8 25. Qd3 Nb4 26. Qa3 a5 27. Rfe1 Qg6 28. Qb3 Rxe1+ 29. Rxe1 Rc2 30. Re8+ Kh7 31. Ne1 Rc1 32. Kf2 Ra1 33. Qf3 Rxa4 34. Qa8 Ra2+ 35. Kg1 Qg4 36. Qe4+ Qxe4 37. Rxe4 a4 0-1

[Event "LSS SF-2010-0-00068"]
[Site "LSS email"]
[Date "2010.08.20"]
[Round "?"]
[White "Nagy Gode, Peter"]
[Black "Zimmermann, Jan Erik"]
[Result "1-0"]
[WhiteElo "1144"]
[BlackElo "1006"]
[PlyCount "85"]
[EventDate "2010.07.29"]
[EventType "tourn (corr)"]
[EventRounds "6"]
[EventCountry "GER"]
[SourceTitle "Telechess CBM 143"]
[Source "ChessBase"]
[SourceDate "2011.07.15"]
[SourceVersion "1"]
[SourceVersionDate "2011.07.15"]
[SourceQuality "1"]

1. e4 d5 2. exd5 Qxd5 3. Nc3 Qe5+ 4. Be2 c6 5. Nf3 Qc7 6. 0-0 Nf6 7. d4 Nbd7 8. Bc4 e6 9. Re1 Bb4 10. Bd2 0-0 11. a3 Bd6 12. Qe2 Re8 13. Rad1 Nb6 14. Ba2 Bd7 15. h3 Nbd5 16. Qd3 Rad8 17. g4 Bf4 18. Ne5 Bxe5 19. dxe5 Nxc3 20. Qxc3 Nd5 21. Qf3 Bc8 22. c4 Ne7 23. Bc3 c5 24. Qg3 b6 25. Rd6 Ng6 26. Red1 Bb7 27. f4 Qe7 28. Bb1 Nf8 29. f5 Rxd6 30. exd6 Qd7 31. fxe6 Nxe6 32. Bf5 Bc8 33. h4 Qc6 34. d7 Bxd7 35. Rd6 Qc8 36. Qd3 g6 37. Rxd7 gxf5 38. gxf5 Nd4 39. Rxd4 cxd4 40. Qg3+ Kf8 41. Bb4+ Re7 42. f6 Qe6 43. Qb8+ 1-0

[Event "LSS SF-2010-0-00068"]
[Site "LSS email"]
[Date "2010.08.20"]
[Round "?"]
[White "Raines, David T"]
[Black "Nagy Gode, Peter"]
[Result "1/2-1/2"]
[WhiteElo "1047"]
[BlackElo "1144"]
[PlyCount "61"]
[EventDate "2010.07.29"]
[EventType "tourn (corr)"]
[EventRounds "6"]
[EventCountry "GER"]
[SourceTitle "Telechess CBM 143"]
[Source "ChessBase"]
[SourceDate "2011.07.15"]
[SourceVersion "1"]
[SourceVersionDate "2011.07.15"]
[SourceQuality "1"]

1. Nf3 d5 2. d4 Nf6 3. e3 e6 4. c4 c5 5. Nc3 Bd6 6. cxd5 exd5 7. Be2 0-0 8. 0-0 Re8 9. b3 Nc6 10. Bb2 cxd4 11. Nxd4 a6 12. Re1 Qc7 13. g3 Nxd4 14. Qxd4 Be6 15. Rac1 Be5 16. Qd2 Qd7 17. Red1 b5 18. Bf3 Bg4 19. Qe2 Bxf3 20. Qxf3 Qe6 21. Rd2 Rac8 22. Rdc2 Rc7 23. Nd1 Rxc2 24. Rxc2 Bxb2 25. Nxb2 Rc8 26. Rxc8+ Qxc8 27. Qd1 h6 28. Nd3 Qc3 29. Nf4 Qb2 30. a4 bxa4 31. bxa4 1/2-1/2